Responses for show #3443 - Wednesday, July 21, 1999

Contestants

Ed Case, a health physicist from Loma Linda, California

Diana Bush, a law student from San Diego, California

Martha Raphelson, a homemaker from Bloomfield Hills, Michigan (whose 1-day cash winnings total $8,100)

Jeopardy! Round responses

COUNTRIES BY REGION
(Alex: We'll give you the region.)
FELINE FOLLIES
HAT HAPPY
TV ACTORS & ROLES
YOUR CHEATIN' HEART
OUT FOR A "SPIN"
    $100 6
Canada

Triple Stumper
    $100 16
Sylvester

Martha
    $100 11
Hard hat

Diana
    $100 1
Leonardo DiCaprio

Ed
    $100 21
Napoleon

Martha
    $100 26
(less than a minute...)

Spin the Bottle

Martha
    $200 7
India

Ed
    $200 17
"The Cat in the Hat"

Ed
    $200 12
French Foreign Legion

Martha
    $200 2
Telly Savalas

Martha
    $200 22
(D: Who was Julius Caesar?)

Mark Antony

DianaEd
    $200 27
(M: What is topspin?)
(Alex: Backspin causes the ball to stop it in its tracks; topspin keeps it moving forward.)

Backspin

Martha
Triple Stumper
    $300 8
Australia

Ed
    $300 18
Lewis Carroll

Diana
    $300 13
Mortarboard

Martha
    $300 3
Mork & Mindy

Martha
    $300 23
(E: Who was Bluebeard?)

Blackbeard

MarthaEd
    $300 28
Tailspin

Diana
    $500 9
Argentina

Ed
    $400 19
Dennis the Menace

Martha
    $400 14
Bowler

Ed
    $400 4
I Spy

Ed
    $400 24
Catherine the Great

Martha
    $400 29
Spinning wheels

Ed
    $500 10
South Africa

Ed
    $500 20
Frederic Chopin

Martha
    $500 15
Three-cornered hat

Ed
    $500 5
Jacqueline Susann

Ed
    $500 25
F. Scott Fitzgerald

Martha
    $500 30
Spin & Marty

Triple Stumper

Scores at the first commercial break (after clue 15):

Martha Diana Ed
$1,000 $100 $3,400

Scores at the end of the Jeopardy! Round:

Martha Diana Ed
$3,200 $500 $3,900

Double Jeopardy! Round responses

HISTORIC AMERICA
MILITARY MATTERS
SHAKESPEARE
"SING" & "DANCE"
FEELING POSSESSIVE
FIX THE PROVERB
    $200 1
Emancipation Proclamation

Ed
    $200 17
Prisoner of War/Missing in Action

Martha
    $200 3
Romeo and Juliet

Ed
    $200 7
"Singin' in the Rain"

Ed
    $200 25
(M: Who is Lot?)

Lot's wife

MarthaEd
    $200 16
All's well that ends well

Ed
    $400 2
(E: What is the Omaha Trail?)

Oregon Trail

MarthaEd
    $400 21
Squadron

Ed
    $400 8
Taming of the Shrew

Martha
    $400 9
"I Could Have Danced All Night"

Diana
    $400 27
St. Patrick's Day

Ed
    $400 18
If the shoe fits, wear it

Diana
    $600 4
(Alex: John Hancock was the other.)

July 4, 1776

Diana
    $600 22
AWACS

Ed
    $600 13
King Lear

Martha
    $600 10
"Sing"

Martha
    $600 28
Robert's Rules of Order

Martha
    $600 19
Out of sight, out of mind

Diana
    $800 5
(D: Who was Penn?)

John D. Rockefeller, Jr.

Diana
    $800 23
(and we have less than a minute to complete the round...)

Uniform Code of Military Justice

Martha
    $800 14
(Sir) John

Martha
    $800 11
"Shall We Dance"

Martha
    $800 29
(E: What is Shays' Rebellion?)
(buzzer sounds)

Bacon's Rebellion

Ed
Triple Stumper
    $800 20
A leopard can't change its spots

Ed
    $1000 6
Pensacola

Triple Stumper
    $1000 26
Dreyfus Affair

Ed
    $700 15
(M: I'm drawing a blank...who is Hathaway?)

Arden

Martha
    $1000 12
(M: What is "Shall We Dance?")

"I Won't Dance"

Martha
Triple Stumper
    $1000 24
Jack of all trades & master of none

Martha

Scores at the end of the Double Jeopardy! Round:

Martha Diana Ed
$7,500 $1,700 $6,900

[wagering suggestions for these scores]

Final Jeopardy! Round responses

THE NOBEL PRIZE
(Alex: The other prizes have been awarded for many, many years; [*] began in 1969.)
DianaWhat is Physics?
$1,000
EdWhat is Chemistry
$6,900
MarthaWhat is Economics
$6,400
Economics

Final scores:

Martha Diana Ed
$13,900 $700 $0
2-day champion: $22,000 2nd place: Techmedia Desktop Computer & Broyhill Functional Computer Home Office 3rd place: Seiko Assorted Products

Game dynamics:

Coryat scores:

Martha Diana Ed
$8,200 $2,500 $6,800
22 R,
4 W
(including 1 DD)
7 R,
2 W
(including 1 DD)
22 R
(including 1 DD),
3 W

Combined Coryat: $17,500

The J! Archive is created by fans, for fans. The Jeopardy! game show and all elements thereof, including but not limited to copyright and trademark thereto, are the property of Jeopardy Productions, Inc. and are protected under law. This website is not affiliated with, sponsored by, or operated by Jeopardy Productions, Inc. Join the discussion at JBoard.tv.